000 00424nam a2200157 a 4500
005 20210223123939.0
008 991125n 000 0 spa u
035 _aUPN01000084705
100 1 _aArgudín, Yolanda
_928744
222 _aDIDAC
245 _aLa importancia de las habilidades y estrategias de lectura en la Universidad
300 _a6-8
362 _a1997 No. 29
904 _aAC
_b022516
905 _aArticulo
999 _c71427
_d71427